Obra periodística [de Gabriel García Márquez] : por la libre, 1974-1995 /

La publicación de la obra periodística de García Márquez en forma de libro comenzó a inicios de la década de 1980, con la participación de Jacques Gilard en la recopilación de los compendios titulados Textos costeños, Entre cachacos y De Europa y América, a los que se sumaron posteriormente las comp...

Повний опис

Збережено в:
Бібліографічні деталі
Автор: García Márquez, Gabriel (autor)
Формат: Книга
Мова:Іспанська
Опубліковано: México : Diana, 2003, c2003
Предмети:
Теги: Додати тег
Немає тегів, Будьте першим, хто поставить тег для цього запису!

MARC

LEADER 00000nam^a2200000^a^4500
001 000156645
005 20250521000000.0
009 20260310100511.481
020 |a 968-13-3295-4 
037 |a Acervo ITESO - Biblioteca 
041 |a ESP 
082 |a 868.  |b GAR V. 4 
100 |a García Márquez, Gabriel  |e (autor) 
240 1 1 |a [Obra periodística de Gabriel García Márquez] 
245 1 0 |a Obra periodística [de Gabriel García Márquez] :  |b por la libre, 1974-1995 /  |c G. García Márquez. 
264 4 |a México :  |b Diana,  |c 2003, c2003 
300 |a 336 p. 
336 |a texto  |b txt  |2 rdacontenido 
337 |a sin mediación  |b n  |2 rdamedio 
338 |a volumen  |b nc  |2 rdasoporte 
520 |a La publicación de la obra periodística de García Márquez en forma de libro comenzó a inicios de la década de 1980, con la participación de Jacques Gilard en la recopilación de los compendios titulados Textos costeños, Entre cachacos y De Europa y América, a los que se sumaron posteriormente las compilaciones bautizadas Por la libre y Notas de prensa. El número de tomos varía puesto que en las primeras ediciones las compilaciones de Textos costeños, Entre cachacos y De Europa y América fueron subdivididas en dos volúmenes, en tanto que en ediciones posteriores cada uno de los cinco títulos corresponde a un tomo. 
545 0 |a El justamente reconocido Gabriel García Márquez (Aracataca, 1928 - Ciudad de México, 2014) inició su trayectoria en el diario El Universal, de la ciudad de Cartagena, hacia 1948-1949. Su narrativa, de la que también forman parte sus guiones cinematográficos, e incluso muchos de sus textos periodísticos, se declara heredera de Faulkner -el propio García Márquez dixit- y también de las cosmovisiones mágicas que caracterizan el ámbito popular latinoamericano. Razón esta última que hace del colombiano uno de los padres del llamado realismo mágico y protagonista indiscutible del famoso "boom latinoamericano", que entre 1960 y 1980 regaló gran literatura al mundo. Cien años de soledad (1967) representa, sin duda, la culminación de ese universo. Su obra novelística comenzó con La hojarasca (1955), a la que siguieron títulos como El coronel no tiene quien le escriba (1961), Los funerales de la Mamá Grande (1962), La mala hora (1962), El otoño del patriarca (1975), Crónica de una muerte anunciada (1981), El amor en los tiempos del cólera (1987), El general en su laberinto (1989), Doce cuentos peregrinos (1992), Noticia de un secuestro (1996) y Vivir para contarla (2002), entre otros. Ganador del Premio Rómulo Gallegos en 1973, su maestría fue reconocida en 1982 con el Premio Nobel de Literatura. 
586 |a Premio Nobel de Literatura 1982 
649 |a XX 
650 |a Papas 
650 |a Jefes de Estado Panameños 
650 |a Jefes de Estado Cubanos 
650 |a Jefes de Estado Chilenos 
650 |a Militares Panameños 
650 |a Militares Cubanos 
650 |a Militares Chilenos 
650 |a Artículos Periodísticos Colombianos -  |x Tema Principal 
650 |a Ensayos Colombianos 
650 |a Literatura y Periodismo 
650 |a Literatura Colombiana -  |y Siglo XX 
650 |a Prensa -  |z Colombia -  |x Historia -  |y 1974-1990 
650 |a Prensa -  |z Colombia -  |x Historia -  |y 1990-1994 
650 |a Prensa -  |z Colombia -  |x Historia -  |y 1994-1998 
650 |a Prensa -  |z Colombia -  |x Historia -  |y Siglo XX 
650 |a Medios Impresos -  |z Colombia -  |x Historia -  |y 1974-1990 
650 |a Medios Impresos -  |z Colombia -  |x Historia -  |y 1990-1994 
650 |a Medios Impresos -  |z Colombia -  |x Historia -  |y 1994-1998 
650 |a Medios Impresos -  |z Colombia -  |x Historia -  |y Siglo XX 
650 |a Medios de Comunicación -  |z Colombia -  |x Historia -  |y 1974-1990 
650 |a Medios de Comunicación -  |z Colombia -  |x Historia -  |y 1990-1994 
650 |a Medios de Comunicación -  |z Colombia -  |x Historia -  |y 1994-1998 
650 |a Medios de Comunicación -  |z Colombia -  |x Historia -  |y Siglo XX 
650 |a Comunicación Masiva -  |z Colombia -  |x Historia -  |y 1974-1990 
650 |a Comunicación Masiva -  |z Colombia -  |x Historia -  |y 1990-1994 
650 |a Comunicación Masiva -  |z Colombia -  |x Historia -  |y 1994-1998 
650 |a Comunicación Masiva -  |z Colombia -  |x Historia -  |y Siglo XX 
650 |a Nicaragua -  |x Condiciones Políticas 
650 |a Nicaragua -  |x Condiciones Sociales y Culturales 
650 |a Chile -  |x Condiciones Políticas 
650 |a Chile -  |x Condiciones Sociales y Culturales 
650 |a Cuba -  |x Condiciones Políticas 
650 |a Cuba -  |x Condiciones Sociales y Culturales 
650 |a Panamá -  |x Condiciones Políticas 
650 |a Panamá -  |x Condiciones Sociales y Culturales 
650 |a Argentina -  |x Condiciones Políticas 
650 |a Argentina -  |x Condiciones Sociales y Culturales 
650 |a Latinoamérica -  |x Condiciones Políticas 
650 |a Latinoamérica -  |x Condiciones Sociales y Culturales 
650 |a Portugal -  |x Condiciones Políticas 
650 |a Portugal -  |x Condiciones Sociales y Culturales 
650 |a Torrijos Herrera, Omar 
650 |a Castro Ruz, Fidel 
650 |a Allende, Salvador 
650 |a Iglesia Católica -  |x Historia -  |y Papa, 1978-2005 (Juan Pablo II) 
910 |a Fondo General 
920 |a Impresos - Libros 
930 |a Colección General 
940 |a Literatura 
905 |a 101 
901 |a 0500085244  |b IT1  |c LIT  |u 20250521 
902 |a https://opac.biblio.iteso.mx/vufind/Record/000156645